000 00647nam a22001817a 4500
003 UA-OsUOA
001 9434
007 ta
008 20041102b un ||||| |||| 00| 0 ukr d
100 _aСалига Т.
942 _cSA
040 _aUA-OsUOA
_cUA-OsUOA
_dUA-OsUOA
245 _aНайдорожчий автограф : Відкритий лист до Миколи Ільницького з нагоди 70-літнього ювілею: [ Про поета М. Ільницького]
300 _aС.6
955 _a0
773 0 _w0
_tЛітературна Украіна
_dКиїв
_d2004
_g№41
650 7 _aІльницький М.
_2UDC
999 _c295595
_d295595